Najpopularniejsze imiona męskie w Polsce ze zdjęciami - Statystyki

Ogólne statystyki
  • Ten quiz został rozwiązany 114 razy
  • Średni wynik to 14 z 20
Statystyki odpowiedzi
Obrazkowy Odpowiedź % Poprawnych
Andrzej
100%
Krzysztof
88%
Adam
87%
Piotr
86%
Rafał
86%
Mariusz
84%
Wojciech
84%
Mateusz
82%
Marcin
81%
Michał
81%
Grzegorz
79%
Jakub
76%
Tomasz
68%
Łukasz
62%
Paweł
55%
Jan
54%
Marek
47%
Maciej
45%
Stanisław
35%
Dariusz
23%
Nie znaleziono quizów pasujących do podanych kryteriów
Rozkład punktacji
Procent ludzi z każdym wynikiem
Percentyl według liczby udzielonych odpowiedzi
Twoja historia wyników
Nie rozwiązałeś tego quizu